| 000 | 01895nam a2200577 i 4500 | ||
|---|---|---|---|
| 001 | 46153 | ||
| 003 | KOSZ 005 | ||
| 005 | 20230109095618.0 | ||
| 008 | 050512s2004 pl a |001 0 pol | ||
| 015 | _aUWD 2005/12767 | ||
| 020 | _a8372446164 | ||
| 035 | _a991026792439705066 | ||
| 035 | _a(PL-WaBN)b17275398-48omnis_nlop | ||
| 035 | _ab17275398 | ||
| 035 | _a(OCoLC)69311959 | ||
| 035 | _azz2005785794 | ||
| 035 | _a(PL)b0000001727539 | ||
| 035 | _a(EXLNZ-48OMNIS_NETWORK)9910335889705606 | ||
| 040 |
_aWA N _cWA N _dKOSZ 005/HR |
||
| 041 | 0 | _apol | |
| 046 | _k2004 | ||
| 080 | _a616-006-02 | ||
| 080 | _a616-099-02 | ||
| 080 | _a582.28 | ||
| 080 | _a582.5/.9 | ||
| 080 | _a(075.8) | ||
| 080 | _a(082.1) | ||
| 245 | 0 | 0 |
_aRakotwórcze i trujące substancje roślinne / _cpod red. nauk. A. Sadowskiej ; [aut. Ała Sadowska et al.]. |
| 260 |
_aWarszawa : _bWydaw. SGGW [Szkoły Głównej Gospodarstwa Wiejskiego], _c2004. |
||
| 300 |
_a239 s. : _bportr., rys. ; _c24 cm. |
||
| 336 |
_aTekst _btxt _2rdacontent |
||
| 337 |
_aBez urządzenia pośredniczącego _bn _2rdamedia |
||
| 338 |
_aWolumin _bnc _2rdacarrier |
||
| 380 | _aKsiążki | ||
| 388 | _a2001- | ||
| 504 | _aBibliogr. s. 199-219. Indeks. | ||
| 600 | 1 | 7 |
_aOborski, Marcin Jan _d(1962-2004) _2DBN |
| 650 | 7 |
_aNowotworzenie (medycyna) _2DBN |
|
| 650 | 7 |
_aRośliny trujące _2DBN |
|
| 650 | 7 |
_aSubstancje rakotwórcze _2DBN |
|
| 650 | 7 |
_aZatrucie _2DBN |
|
| 655 | 7 |
_aKsięga pamiątkowa _2DBN |
|
| 655 | 7 |
_aPodręczniki akademickie _2DBN |
|
| 658 | _aBiologia | ||
| 658 | _aMedycyna i zdrowie | ||
| 700 | 1 |
_aSadowska, Ała _eRedakcja |
|
| 710 |
_aWydawnictwo SGGW _4pbl |
||
| 856 |
_uhttp://koha.tu.koszalin.pl/cgi-bin/koha/opac-detail.pl?biblionumber=46153 _yKatalog online BPK |
||
| 942 |
_2UKD _cKS |
||
| 999 |
_c46153 _d46153 |
||